000 01913nam a22002417a 4500
999 _c22136
_d22136
003 AR-CdUCM
008 190605b ||||| |||| 00| 0 spa d
040 _aMUNICIPALIDAD PROVINCIAL DEL CUSCO
_cBIBLIOTECA MUNICIPAL DEL CUSCO
082 _aPumacahua/N°25-26/1965
245 _aRevista Pumacahua /
_cColegio Mateo Pumacahua Sicuani
260 _aSicuani.
_bSanta Rosa,
_c1965.
300 _a237 páginas. :
_bilustraciones ;
_c28 cm.
440 _aRevista Pumacahua.
_nAño XXVI, 21 de setiembre de 1965, N°25-26.
_947519
505 _aContenido: Portada interpretativa. Guillermo Aguilar. -- Filosofía y educación nacional. Guillermo Aguilar Claros. -- Colegio y comunidad. Nicomedes Laguna. -- Existió en el incanato un procedimiento natural que permitió crear hombres sanos y fuertes. -- Nueva formula para hallar la mediana de un triangulo. -- La música. Mary de Cornejo. -- Apuntes para la historia de mi colegio. Segundo Durant Teves -- Recortes valiosos que documentan la creación de la hoy gran Unidad Escolar Mateo Pumacahua. Darío Olave. -- En memoria del General Don Ernesto Montagne Markholz. -- Clorinda Matto de Turner escritora cuzqueña. Andrés Tapia. -- Recuerdo eterno del gran Mariscal del Perú don Ramón Castilla Marquesado. -- La antigua Canas y Canchis. Agusto Cerrillo. -- El CLIII Aniversario del grito de Libertad. -- Documentos históricos. arbitrio colegio Sicuani Ley N°280. -- Los educadores y las promociones. -- Discursos pronunciados por autoridades en las bodas de plata de la GUE Mateo Pumacahua. -- Festejos de las bodas de plata del Colegio Mateo Pumacahua, sección gráfica. ...
650 _aColegios del Cusco
_924467
650 _aHistoria institucional
_947480
650 _aHistoria del Cusco
_91714
650 _aLiteratura cusqueña
_947520
650 _aSiglo XX
_947518
700 _aNieto Miranda, Luis
_931822
942 _2ddc
_cPP
945 _arac